000 00920nam0a22002771 4500
001 rc\3013844
005 20250806201123.0
035 _a(NLR Aleph) 007156221
090 _a5692
_c5692
100 _a20041101d1941 u y0rusy50 ca
101 0 _arus
102 _aRU
105 _ay z ||||y
200 1 _aПрививки против туберкулеза
_eВакцина БЦЖ
_fпроф. Веселов, В.С.
210 _aОмск
_cОмский обл. отд. здравоохранения
_d1941
215 _a16 с.
_d21 см
300 _aБез обл.
320 _aБиблиогр.: с. 16
700 1 _aВеселов
_bВ.С.
_f1875-1955
_gВасилий Сократович
801 0 _aRU
_bNLR
_gpsbo
801 1 _aRU
_bELAR
_2rusmarc
852 _aNLR
_jМд30 Г-4/33
942 _cBOOK
945 _aРоссийская национальная библиотека
980 _aNB
980 _aBV